[Event "SR 1. liga zapad 2010/2011"]
[Site "?"]
[Date "2010.12.11"]
[Round "3.4"]
[White "Pagerka, Martin"]
[Black "Ondrus, Martin"]
[Result "1-0"]
[WhiteElo "2260"]
[BlackElo "2284"]
[PlyCount "97"]
[EventDate "2010.??.??"]

1. e4 c5 2. Nf3 d6 3. d4 cxd4 4. Nxd4 Nf6 5. Nc3 a6 6. Be2 e6 7. O-O Be7 8. Kh1
O-O 9. f4 Qc7 10. Qe1 Nbd7 11. Be3 b5 12. a3 Rb8 13. Rd1 Bb7 14. Bf3 g6 15. Bc1
e5 16. Nde2 Nc5 17. Ng3 Rfe8 18. f5 Bf8 19. Bg5 Bg7 20. Qd2 Rbd8 21. Qe3 Ncd7
22. h4 Kh8 23. Be2 Bc6 24. fxg6 fxg6 25. h5 gxh5 26. Nf5 Rf8 27. Rxd6 Rde8 28.
Rdd1 Ng4 29. Bxg4 hxg4 30. Nxg7 Rxf1+ 31. Rxf1 Kxg7 32. Bh6+ Kh8 33. Qg5 Rg8
34. Rf8 Nxf8 35. Qf6+ Rg7 36. Qxf8+ Rg8 37. Qf6+ Rg7 38. Bxg7+ Qxg7 39. Qxc6
Qg5 40. Qe8+ Kg7 41. Qd7+ Kg8 42. Qe6+ Kg7 43. Qd7+ Kg8 44. Qd3 h5 45. g3 Qc1+
46. Nd1 a5 47. Kg2 b4 48. axb4 axb4 49. b3 1-0

[Event "SR 1. liga zapad 2010/2011"]
[Site "?"]
[Date "2010.12.11"]
[Round "3.5"]
[White "Blaho, Stefan"]
[Black "Ruckschloss, Karol"]
[Result "1-0"]
[WhiteElo "2094"]
[BlackElo "2271"]
[PlyCount "59"]
[EventDate "2010.??.??"]

1. d4 f5 2. Bg5 c6 3. c3 g6 4. h4 Bg7 5. Nf3 Nf6 6. e3 Qb6 7. Qc2 d6 8. Nbd2
Nbd7 9. Be2 O-O 10. h5 Re8 11. hxg6 hxg6 12. g4 Nf8 13. Bc4+ d5 14. Bd3 Nxg4
15. Nh4 e6 16. f3 Nf6 17. O-O-O N6h7 18. Rdg1 Nxg5 19. Rxg5 Bf6 20. Rg2 Kf7 21.
f4 c5 22. Ndf3 cxd4 23. exd4 Bd7 24. Qe2 Qc7 25. Nxg6 Nxg6 26. Rh7+ Kg8 27.
Rxg6+ Kxh7 28. Ne5 Bg7 29. Qh5+ Kg8 30. Rxg7+ 1-0

[Event "SR 1. liga zapad 2010/2011"]
[Site "?"]
[Date "2010.12.11"]
[Round "3.5"]
[White "Hagara, Eduard"]
[Black "Gulbis, Adrian"]
[Result "1-0"]
[WhiteElo "2407"]
[BlackElo "2153"]
[PlyCount "125"]
[EventDate "2010.??.??"]

1. e4 c5 2. Nf3 d6 3. d4 cxd4 4. Nxd4 Nf6 5. Nc3 g6 6. Bc4 Bg7 7. O-O O-O 8.
Bb3 Nc6 9. Re1 Bd7 10. Qd3 Qa5 11. Bd2 Nxd4 12. Qxd4 Ng4 13. Qd3 Qe5 14. Qg3
Qxg3 15. hxg3 Bd4 16. Nd1 Bc6 17. c3 Bb6 18. Ne3 Nxe3 19. Bxe3 Bxe3 20. Rxe3 a5
21. Rd1 Rfd8 22. f3 Rd7 23. Kf2 Rad8 24. Red3 e6 25. Ke3 Kf8 26. g4 Ke7 27. Rh1
Rh8 28. Rh6 d5 29. e5 f6 30. Kd4 b6 31. Rd1 f5 32. Rdh1 fxg4 33. Rxh7+ Rxh7 34.
Rxh7+ Kd8 35. Rh8+ Kc7 36. f4 g3 37. Rh3 Rf7 38. Ke3 a4 39. Bc2 a3 40. bxa3 d4+
41. cxd4 Bxg2 42. Rxg3 Bd5 43. Rxg6 Bxa2 44. Rh6 Rg7 45. Rh7 Rxh7 46. Bxh7 Kd7
47. Bg8 Bb1 48. d5 exd5 49. Bxd5 Bf5 50. Kd4 Ke7 51. Be4 Be6 52. f5 Ba2 53. f6+
Ke6 54. Bd5+ Bxd5 55. f7 Kxf7 56. Kxd5 Ke7 57. a4 Kd7 58. e6+ Ke7 59. Ke5 Ke8
60. Kd6 Kd8 61. e7+ Ke8 62. Ke6 b5 63. a5 1-0

[Event "SR 1. liga zapad 2010/2011"]
[Site "?"]
[Date "2010.12.11"]
[Round "3.5"]
[White "Havlicek, Libor"]
[Black "Brestak, Jan"]
[Result "1-0"]
[WhiteElo "2330"]
[BlackElo "2149"]
[PlyCount "79"]
[EventDate "2010.??.??"]

1. e4 e5 2. Nf3 Nc6 3. Bc4 Nf6 4. d3 Be7 5. O-O d6 6. c3 Na5 7. Bb5+ c6 8. Ba4
b5 9. Bc2 O-O 10. b4 Nb7 11. Bb2 Be6 12. Nbd2 Qb6 13. Bb3 a5 14. Bxe6 fxe6 15.
Qb3 Nd8 16. a3 Nh5 17. Rae1 Nf4 18. Re3 Rf6 19. g3 Nh3+ 20. Kg2 Rh6 21. d4 Nf7
22. Rd3 g5 23. dxe5 g4 24. Nd4 Nxe5 25. Nf5 Rf6 26. c4 a4 27. Nxe7+ Kf7 28. c5
dxc5 29. Qd1 c4 30. Bd4 Qc7 31. Bxe5 Qxe5 32. Rd7 Ke8 33. Nxc6 Qg5 34. e5 Rf4
35. Re7+ Kf8 36. gxf4 Qxf4 37. Rxe6 Kg7 38. Rf6 Qg5 39. Ne4 Qh4 40. Qd7+ 1-0

[Event "SR 1. liga zapad 2010/2011"]
[Site "?"]
[Date "2010.12.11"]
[Round "3.5"]
[White "Nemeth, Daniel"]
[Black "Ac, Michal"]
[Result "0-1"]
[WhiteElo "1960"]
[BlackElo "2177"]
[PlyCount "48"]
[EventDate "2010.??.??"]

1. e4 e5 2. Nf3 d6 3. d4 Nf6 4. Nc3 Nbd7 5. Bc4 Be7 6. Bg5 O-O 7. Qd2 c6 8.
dxe5 dxe5 9. a4 Qc7 10. O-O a6 11. Qe2 Rb8 12. Nh4 Re8 13. f4 Qb6+ 14. Kh1 Qxb2
15. Qe3 Bb4 16. Ne2 Qxc2 17. Rac1 Qxe4 18. Qb3 Nd5 19. Rf3 Nc5 20. Qa2 Bg4 21.
Ng3 Qd4 22. Rff1 Nd3 23. Nhf5 Nxc1 24. Rxc1 Qd2 0-1

[Event "SR 1. liga zapad 2010/2011"]
[Site "?"]
[Date "2010.12.11"]
[Round "3.5"]
[White "Sulek, Viliam"]
[Black "Grilus, Marian"]
[Result "1-0"]
[WhiteElo "2144"]
[BlackElo "1941"]
[PlyCount "39"]
[EventDate "2010.??.??"]

1. e4 e6 2. d4 d5 3. Nd2 c5 4. exd5 Qxd5 5. Ngf3 cxd4 6. Bc4 Qh5 7. O-O Nc6 8.
Nb3 e5 9. Nxe5 Qxd1 10. Rxd1 Nxe5 11. Re1 f6 12. f4 Bd6 13. fxe5 Bb4 14. exf6+
Kf8 15. c3 Bd6 16. f7 Nf6 17. Bg5 dxc3 18. Bxf6 gxf6 19. Re8+ Kg7 20. Rg8+ 1-0

[Event "SR 1. liga zapad 2010/2011"]
[Site "?"]
[Date "2010.12.11"]
[Round "3.5"]
[White "Szeko, Ludovit"]
[Black "Petran, Peter"]
[Result "0-1"]
[WhiteElo "2078"]
[BlackElo "2330"]
[PlyCount "78"]
[EventDate "2010.??.??"]

1. e4 g6 2. d4 Bg7 3. Be3 d6 4. Nd2 Nf6 5. h3 b6 6. c3 Bb7 7. Qc2 c5 8. dxc5
bxc5 9. Ngf3 O-O 10. Be2 Qc7 11. Nh2 d5 12. Rd1 Nxe4 13. Nxe4 dxe4 14. O-O Nd7
15. Qb3 Bc6 16. Rd2 Rab8 17. Qa3 Be5 18. f4 Bd6 19. c4 f5 20. b3 Rfd8 21. g3 e5
22. Rf2 exf4 23. gxf4 Be7 24. Nf1 Qb6 25. Rg2 Kf7 26. Qc1 Nf8 27. Rxd8 Rxd8 28.
Qe1 Ne6 29. h4 Nd4 30. h5 Bf6 31. hxg6+ hxg6 32. Qg3 Rg8 33. Kf2 Qd8 34. Rh2
Rh8 35. Rxh8 Qxh8 36. Bxd4 cxd4 37. Qh2 d3 38. Qxh8 Bxh8 39. Bd1 Bd4+ 0-1

[Event "SR 1. liga zapad 2010/2011"]
[Site "?"]
[Date "2010.12.11"]
[Round "3.5"]
[White "Toth, Stanislav"]
[Black "Slapak, Zdenek"]
[Result "0-1"]
[WhiteElo "1842"]
[BlackElo "2133"]
[PlyCount "54"]
[EventDate "2010.??.??"]

1. e4 e5 2. Nf3 Nc6 3. Nc3 Nf6 4. d3 Be7 5. Be2 O-O 6. O-O d5 7. exd5 Nxd5 8.
Nxd5 Qxd5 9. b3 a5 10. a4 h6 11. Bb2 Bf5 12. Nd2 Nd4 13. Bxd4 Qxd4 14. Bf3 c6
15. Re1 Bb4 16. Re2 Rad8 17. Ne4 Be6 18. Rc1 Ba3 19. Rb1 f5 20. Nd2 Bb4 21. Re3
e4 22. Be2 Bxd2 23. Qxd2 f4 24. Rh3 Bxh3 25. gxh3 e3 26. fxe3 fxe3 27. Qe1 Rf2
0-1

[Event "SR 1. liga zapad 2010/2011"]
[Site "?"]
[Date "2010.12.11"]
[Round "3.5"]
[White "Travenec, Igor"]
[Black "Szucs, Vladimir"]
[Result "1/2-1/2"]
[WhiteElo "2233"]
[BlackElo "2130"]
[PlyCount "43"]
[EventDate "2010.??.??"]

1. e4 c5 2. Nf3 g6 3. d4 cxd4 4. Nxd4 Nc6 5. Nc3 Bg7 6. Be3 Nf6 7. f3 O-O 8.
Qd2 d5 9. exd5 Nxd5 10. Nxc6 bxc6 11. Bd4 e5 12. Bc5 Re8 13. O-O-O Qa5 14. Nxd5
Qxd2+ 15. Rxd2 cxd5 16. Rxd5 Be6 17. Rd1 Rec8 18. Be3 Bxa2 19. Ba6 Rc7 20. Rd3
Be6 21. Rhd1 Bf6 22. Ra3 1/2-1/2

[Event "SR 1. liga zapad 2010/2011"]
[Site "?"]
[Date "2010.12.11"]
[Round "3.6"]
[White "Castiglione, Mario"]
[Black "Kalisky, Vladimir"]
[Result "1-0"]
[WhiteElo "2288"]
[BlackElo "2273"]
[PlyCount "52"]
[EventDate "2010.??.??"]

1. e4 c5 2. Nf3 Nc6 3. Bb5 g6 4. O-O Bg7 5. Nc3 Nf6 6. e5 Ng4 7. Bxc6 dxc6 8.
Re1 O-O 9. d3 Nh6 10. Ne4 b6 11. Ng3 Nf5 12. Bf4 Nd4 13. Nxd4 Qxd4 14. Qd2 Qxb2
15. Bh6 Be6 16. Rab1 Qxa2 17. Rbd1 Bd5 18. Nf5 Bf3 19. gxf3 Bxh6 20. Nxh6+ Kh8
21. e6 fxe6 22. Qc3+ Rf6 23. Ng4 Raf8 24. Re5 h5 25. Nxf6 exf6 26. Ra1 Kh7 1-0

[Event "SR 1. liga zapad 2010/2011"]
[Site "?"]
[Date "2010.12.11"]
[Round "3.6"]
[White "Cibulka, Vladimir"]
[Black "Kubala, Jan"]
[Result "1/2-1/2"]
[WhiteElo "2252"]
[BlackElo "2230"]
[PlyCount "30"]
[EventDate "2010.??.??"]

1. e4 e6 2. d4 d5 3. Nc3 Nf6 4. exd5 exd5 5. Bf4 Bb4 6. Bd3 O-O 7. Nge2 Re8 8.
O-O c6 9. a3 Bd6 10. Bxd6 Qxd6 11. Ng3 Be6 12. Qd2 Nbd7 13. Rae1 Nb6 14. f3
Rad8 15. Nce2 Nc4 1/2-1/2

[Event "SR 1. liga zapad 2010/2011"]
[Site "?"]
[Date "2010.12.11"]
[Round "3.6"]
[White "Djubek, Boris"]
[Black "Beres, Dominik"]
[Result "1-0"]
[WhiteElo "2175"]
[BlackElo "2083"]
[PlyCount "77"]
[EventDate "2010.??.??"]

1. d4 Nf6 2. c4 d6 3. Nf3 g6 4. Nc3 Bg7 5. e4 O-O 6. Be2 Nbd7 7. O-O e5 8. Be3
Re8 9. Qc2 c6 10. Rad1 Qc7 11. Rfe1 Ng4 12. Bc1 a5 13. h3 Ngf6 14. b3 Nf8 15.
Ba3 N6d7 16. dxe5 dxe5 17. Bd6 Qd8 18. c5 Qf6 19. Bc4 Ne6 20. Bxe6 Rxe6 21. Qd2
h6 22. Na4 Re8 23. Qe3 g5 24. Rd3 Qe6 25. Nd2 Nf8 26. Nb6 Ra6 27. Qf3 Ng6 28.
Nxc8 Rxc8 29. Qf5 Nf4 30. Qxe6 Nxe6 31. Nc4 Re8 32. Ne3 Nf4 33. Rd2 Ne6 34. Nf5
Bf8 35. Bxf8 Kxf8 36. Rc1 h5 37. Rd7 Ra7 38. Nd6 Re7 39. Rxe7 1-0

[Event "SR 1. liga zapad 2010/2011"]
[Site "?"]
[Date "2010.12.11"]
[Round "3.6"]
[White "Fabian, Jaroslav"]
[Black "Peitl, Tomas"]
[Result "1/2-1/2"]
[WhiteElo "2202"]
[BlackElo "2186"]
[PlyCount "45"]
[EventDate "2010.??.??"]

1. c4 e5 2. Nc3 Nc6 3. Nf3 g6 4. g3 Bg7 5. Bg2 f5 6. d3 Nf6 7. O-O O-O 8. Rb1
d6 9. b4 a6 10. a4 h6 11. b5 axb5 12. axb5 Ne7 13. Bd2 g5 14. Ne1 Ng6 15. Nd5
Nxd5 16. Bxd5+ Kh7 17. Bc3 Qe8 18. e3 f4 19. Ng2 Rb8 20. exf4 gxf4 21. g4 Bf6
22. Be4 Kh8 23. Qf3 1/2-1/2

[Event "SR 1. liga zapad 2010/2011"]
[Site "?"]
[Date "2010.12.11"]
[Round "3.6"]
[White "Novotny, Michal"]
[Black "Valent, Ivan"]
[Result "0-1"]
[WhiteElo "2009"]
[BlackElo "2235"]
[PlyCount "94"]
[EventDate "2010.??.??"]

1. e4 c5 2. Nf3 Nc6 3. Nc3 g6 4. d4 cxd4 5. Nxd4 Bg7 6. Be3 d6 7. Be2 Nf6 8.
Nxc6 bxc6 9. e5 dxe5 10. Qxd8+ Kxd8 11. O-O-O+ Kc7 12. Bf3 Bg4 13. Bxg4 Nxg4
14. Bc5 Rhe8 15. h3 Nf6 16. Rhe1 Nd7 17. Be3 f5 18. g4 Nb6 19. g5 e6 20. Bc5
Rad8 21. f3 Rxd1+ 22. Nxd1 Nd7 23. Bb4 c5 24. Bc3 Re7 25. Ne3 e4 26. Ba5+ Kc6
27. fxe4 fxe4 28. Ng4 Ne5 29. Nf6 Nf3 30. Bd8 Rf7 31. Re2 Nxg5 32. Nxe4 Nxe4
33. Rxe4 Bh6+ 34. Kd1 Rd7+ 35. Ke1 Rxd8 36. Rxe6+ Rd6 37. Re7 Rd7 38. Re6+ Kd5
39. Ra6 c4 40. c3 Ke4 41. Rc6 Kd3 42. Kd1 Bf4 43. Re6 Rf7 44. Re8 Bd6 45. Re1
Rf3 46. Rh1 Bf4 47. h4 Rf2 0-1

[Event "SR 1. liga zapad 2010/2011"]
[Site "?"]
[Date "2010.12.11"]
[Round "3.6"]
[White "Sosovicka, Juraj"]
[Black "Siroky, Jan"]
[Result "1/2-1/2"]
[WhiteElo "2159"]
[BlackElo "2188"]
[PlyCount "34"]
[EventDate "2010.??.??"]

1. e4 e6 2. d4 d5 3. Nc3 Nf6 4. Bg5 dxe4 5. Nxe4 Nbd7 6. Nxf6+ Nxf6 7. Nf3 Be7
8. c3 O-O 9. Bd3 b6 10. Qc2 h6 11. h4 Bb7 12. O-O-O Ng4 13. Bf4 Qc8 14. Rh3 c5
15. Rg3 h5 16. Ng5 cxd4 17. f3 e5 1/2-1/2

[Event "SR 1. liga zapad 2010/2011"]
[Site "?"]
[Date "2010.12.11"]
[Round "3.6"]
[White "Turna, Stefan"]
[Black "Berek, Geza"]
[Result "1/2-1/2"]
[WhiteElo "2245"]
[BlackElo "2216"]
[PlyCount "155"]
[EventDate "2010.??.??"]

1. d4 g6 2. c4 Bg7 3. Nc3 d6 4. e4 e5 5. d5 a5 6. Be2 Nf6 7. Bg5 h6 8. Be3 O-O
9. Qd2 Kh7 10. h4 Ng4 11. Bxg4 Bxg4 12. f3 Bd7 13. g4 Na6 14. Nge2 Qe7 15.
O-O-O b6 16. Ng3 Rfb8 17. h5 g5 18. Nf5 Qd8 19. Rh2 Bf6 20. Qc2 Qe8 21. Rdd2
Rb7 22. Kd1 Nb4 23. Qb1 Na6 24. Ke1 a4 25. Rc2 Nb4 26. Rc1 Na6 27. Nd1 Nb4 28.
Nf2 Qb8 29. Nd3 Nxd3+ 30. Qxd3 Rba7 31. Rhc2 Ra6 32. Kf2 Qb7 33. Rc3 Qa7 34.
Ng3 Qb8 35. R3c2 R8a7 36. Ne2 Ra8 37. Nc3 Bd8 38. Nb5 Kg7 39. Rc3 f6 40. Bd2
Kf7 41. Ra3 Qb7 42. Bb4 Ke7 43. Rac3 Be8 44. R3c2 Bd7 45. Qa3 Qb8 46. Re2 Be8
47. Qd3 Bd7 48. Nd4 Qc8 49. Rd1 Kf7 50. Bd2 Be7 51. Nf5 Bf8 52. Ra1 Qb7 53.
Ree1 Qa7 54. Rec1 Qb7 55. Bb4 Qb8 56. Qc3 Qb7 57. Qe1 R8a7 58. Bc3 Qa8 59. Kg3
Qb7 60. Rcb1 Qa8 61. Qc1 Qb7 62. b4 axb3 63. axb3 Qa8 64. Rxa6 Rxa6 65. Ra1
Rxa1 66. Qxa1 Qxa1 67. Bxa1 Ke8 68. Kf2 b5 69. Ne3 Kd8 70. Ke2 bxc4 71. Nxc4
Kc8 72. Kd3 Kb7 73. Bc3 Bb5 74. Ba5 Be7 75. Kd2 Bd7 76. Kc3 Bb5 77. Kd2 Bd7 78.
Kc3 1/2-1/2

[Event "SR 1. liga zapad 2010/2011"]
[Site "?"]
[Date "2010.12.11"]
[Round "3.6"]
[White "Zahorsky, Robert"]
[Black "Oprea, Erik"]
[Result "1/2-1/2"]
[WhiteElo "1988"]
[BlackElo "2137"]
[PlyCount "57"]
[EventDate "2010.??.??"]

1. d4 d6 2. g3 c6 3. c4 Qc7 4. Bg2 e5 5. Nc3 Be7 6. b3 Nd7 7. e3 Nf8 8. Nge2
Bd7 9. Bb2 Ng6 10. Qc2 f5 11. b4 Nf6 12. b5 cxb5 13. cxb5 e4 14. Qb3 Rc8 15.
O-O h5 16. Rfc1 Qc4 17. Bf1 Qf7 18. Qxf7+ Kxf7 19. Nf4 Nxf4 20. gxf4 h4 21. h3
g5 22. fxg5 Rhg8 23. a4 Rxg5+ 24. Kh2 d5 25. Ba3 Bd8 26. Bd6 Ke6 27. Be5 Bc7
28. Bxc7 Rxc7 29. Nxe4 1/2-1/2

[Event "SR 1. liga zapad 2010/2011"]
[Site "?"]
[Date "2010.12.12"]
[Round "4.1"]
[White "Csiba, Dominik"]
[Black "Maslik, Miroslav"]
[Result "1-0"]
[WhiteElo "2378"]
[BlackElo "2402"]
[PlyCount "61"]
[EventDate "2010.??.??"]

1. e4 c5 2. Nf3 Nc6 3. Nc3 Nd4 4. Bc4 g6 5. Nxd4 cxd4 6. Ne2 Bg7 7. c3 dxc3 8.
bxc3 d6 9. Qa4+ Kf8 10. Qb3 Nf6 11. d3 e6 12. O-O d5 13. exd5 exd5 14. Qb4+ Qe7
15. Qxe7+ Kxe7 16. Bb3 Be6 17. c4 dxc4 18. Ba3+ Kd7 19. dxc4 Kc7 20. Nd4 Ne4
21. Nxe6+ fxe6 22. Rad1 Rad8 23. Rfe1 Rxd1 24. Bxd1 Rd8 25. Bg4 Nf6 26. Bxe6
Re8 27. Kf1 Nd7 28. Bc1 Ne5 29. Bd5 Rf8 30. Bb2 Kd6 31. Ba3+ 1-0

[Event "SR 1. liga zapad 2010/2011"]
[Site "?"]
[Date "2010.12.12"]
[Round "4.1"]
[White "Helbich, Branislav"]
[Black "Reisel, Frantisek"]
[Result "1/2-1/2"]
[WhiteElo "2021"]
[BlackElo "2079"]
[PlyCount "180"]
[EventDate "2010.??.??"]

1. Nf3 d5 2. d4 Nf6 3. e3 Bg4 4. h3 Bh5 5. Be2 Nbd7 6. Nbd2 e6 7. O-O Bd6 8. c4
c6 9. c5 Bc7 10. b4 a6 11. Bb2 O-O 12. Re1 Qb8 13. Qc2 Re8 14. a4 e5 15. dxe5
Nxe5 16. Nh4 Bxe2 17. Rxe2 Qd8 18. Nf5 Ng6 19. Nf3 Ne5 20. N5d4 Nc4 21. Bc3 Ne4
22. Be1 Qd7 23. Qd3 a5 24. Nd2 Ncxd2 25. Bxd2 axb4 26. Bxb4 Ba5 27. Bxa5 Rxa5
28. Nb3 Nxc5 29. Nxc5 Rxc5 30. Rb2 Rc4 31. a5 Ra8 32. Qd1 g6 33. Qe1 Qc7 34.
Rb6 Ra7 35. g3 Qe7 36. Qb1 Qd7 37. Kg2 h5 38. Qb2 d4 39. a6 bxa6 40. Raxa6 Rxa6
41. Rxa6 Qd5+ 42. Kh2 Qf5 43. Ra2 c5 44. exd4 Rxd4 45. Ra5 Rd8 46. Qe2 Rc8 47.
Qe3 Kg7 48. Kg2 Qd5+ 49. Kh2 Qd6 50. Qc3+ Qf6 51. Qc2 c4 52. Ra2 c3 53. Qe2 h4
54. Rc2 hxg3+ 55. fxg3 Qd4 56. Qf3 Rc7 57. Kg2 Qc4 58. Qe3 Qc5 59. Qd3 Qe5 60.
Kh2 Rc5 61. Qf3 Qe1 62. Kg2 Kg8 63. Qa8+ Kh7 64. Qf3 Rf5 65. Qe2 Qxe2+ 66. Rxe2
Rc5 67. Rc2 Kg7 68. Kf3 Kf6 69. Ke4 Rh5 70. Rxc3 Rxh3 71. Kf4 Rh1 72. Rf3 Rh5
73. Kg4+ Rf5 74. Ra3 Rc5 75. Rf3+ Kg7 76. Ra3 Rc4+ 77. Kf3 f5 78. Ra6 Kh6 79.
Ra3 Kg5 80. Rb3 Kh5 81. Ra3 g5 82. Ra5 Rc3+ 83. Kg2 Kg4 84. Ra4+ f4 85. gxf4
Rc2+ 86. Kf1 gxf4 87. Ra3 Rb2 88. Rc3 Rh2 89. Kg1 Rd2 90. Kf1 Rb2 1/2-1/2

[Event "SR 1. liga zapad 2010/2011"]
[Site "?"]
[Date "2010.12.12"]
[Round "4.1"]
[White "Kaniansky, Miroslav"]
[Black "Federic, Jozef"]
[Result "0-1"]
[WhiteElo "2185"]
[BlackElo "2283"]
[PlyCount "194"]
[EventDate "2010.??.??"]

1. d4 d5 2. Nf3 c6 3. c4 Nf6 4. Nc3 e6 5. e3 Nbd7 6. Qc2 Bd6 7. Bd3 O-O 8. e4
dxe4 9. Nxe4 Nxe4 10. Bxe4 Bb4+ 11. Bd2 Bxd2+ 12. Qxd2 Nf6 13. Bc2 b6 14. O-O
Bb7 15. Rad1 Qc7 16. Ne5 c5 17. Qf4 Rad8 18. Qh4 h6 19. Rfe1 cxd4 20. Rxd4 Rxd4
21. Qxd4 Rd8 22. Qe3 Nd7 23. Rd1 Nxe5 24. Rxd8+ Qxd8 25. Qxe5 g6 26. h4 Qd2 27.
Qb8+ Kg7 28. Qxb7 Qxc2 29. Qxa7 Qc1+ 30. Kh2 Qxb2 31. Kg3 Qe5+ 32. Kh3 Qf5+ 33.
Kg3 Qd3+ 34. f3 Qxc4 35. Qxb6 Qxa2 36. Qd4+ Kh7 37. Qf6 Qa7 38. f4 Qa3+ 39. Kh2
Qf8 40. g3 Qg7 41. Qe7 Qb2+ 42. Kh3 Kg7 43. Qd8 Qa1 44. Kh2 Qa2+ 45. Kg1 Qd5
46. Qb6 Kf6 47. Qe3 Kf5 48. Qe2 Qe4 49. Qd1 Qe3+ 50. Kg2 Qe4+ 51. Kg1 Qd5 52.
Qe2 Qd4+ 53. Kh2 Qe4 54. Qd1 Qd5 55. Qe2 Qd4 56. Qc2+ Kf6 57. Qe2 Ke7 58. Kg2
h5 59. Kh2 Qc3 60. Qf2 Qc7 61. Qe2 Qa5 62. Qb2 Qf5 63. Qc3 Qd5 64. Qb4+ Kf6 65.
Qb2+ Kf5 66. Qe2 Kf6 67. Qb2+ Ke7 68. Qb4+ Qd6 69. Qb7+ Kf8 70. Qb2 Ke7 71.
Qb7+ Qd7 72. Qb2 Qc7 73. Qb4+ Kd7 74. Qd4+ Kc8 75. Qh8+ Kb7 76. Qb2+ Ka6 77.
Qa3+ Kb7 78. Qb2+ Kc6 79. Qc3+ Kd7 80. Qd4+ Ke7 81. Qb4+ Qd6 82. Qb7+ Kf6 83.
Qb2+ e5 84. fxe5+ Qxe5 85. Qf2+ Ke6 86. Qa2+ Qd5 87. Qf2 Kd6 88. Qf4+ Kc5 89.
Qf2+ Kb4 90. Qb2+ Qb3 91. Qd2+ Ka3 92. Qf2 Qb2 93. Kg2 f6 94. Qxb2+ Kxb2 95.
Kf3 Kc3 96. g4 hxg4+ 97. Kxg4 Kd4 0-1

[Event "SR 1. liga zapad 2010/2011"]
[Site "?"]
[Date "2010.12.12"]
[Round "4.1"]
[White "Kovac, Andrej"]
[Black "Detko, Jan"]
[Result "1-0"]
[WhiteElo "2117"]
[BlackElo "2144"]
[PlyCount "69"]
[EventDate "2010.??.??"]

1. d4 Nf6 2. c4 e6 3. Nf3 Bb4+ 4. Nbd2 Nc6 5. g3 Ne4 6. Bg2 Nxd2 7. Bxd2 Qe7 8.
O-O Bxd2 9. Qxd2 d6 10. Rac1 a5 11. d5 Nd8 12. Rc3 e5 13. c5 O-O 14. Rfc1 Bg4
15. cxd6 cxd6 16. Rc7 Qe8 17. Ng5 h6 18. Ne4 Ra6 19. h3 Bf5 20. Qd3 Bxe4 21.
Bxe4 Rb6 22. R1c2 Rb4 23. g4 Rd4 24. Qf3 Qa4 25. b3 Qb4 26. R7c4 Qe1+ 27. Kh2
Rd1 28. Qg2 Kh8 29. Rc7 Rd2 30. Rxd2 Qxd2 31. Qf3 f5 32. gxf5 Qb4 33. Qg4 Rf7
34. Rxf7 Nxf7 35. f6 1-0

[Event "SR 1. liga zapad 2010/2011"]
[Site "?"]
[Date "2010.12.12"]
[Round "4.1"]
[White "Lakatos, Vladimir"]
[Black "Machalova, Maria"]
[Result "1/2-1/2"]
[WhiteElo "2162"]
[BlackElo "2190"]
[PlyCount "49"]
[EventDate "2010.??.??"]

1. c4 e5 2. Nc3 Nc6 3. g3 g6 4. Bg2 Bg7 5. e4 d6 6. Nge2 Nge7 7. O-O O-O 8. d3
Be6 9. f4 f5 10. Nd5 Qd7 11. Rb1 fxe4 12. dxe4 Nd4 13. Nxd4 exd4 14. Qd3 c5 15.
Bd2 Nxd5 16. cxd5 Bg4 17. b4 b6 18. b5 Rac8 19. Qc4 Kh8 20. Rbe1 a6 21. a4 axb5
22. axb5 Rce8 23. Rf2 Re7 24. Qf1 Qe8 25. h3 1/2-1/2

[Event "SR 1. liga zapad 2010/2011"]
[Site "?"]
[Date "2010.12.12"]
[Round "4.1"]
[White "Machalova, Veronika"]
[Black "Hanko, Pavol"]
[Result "1/2-1/2"]
[WhiteElo "2233"]
[BlackElo "2179"]
[PlyCount "65"]
[EventDate "2010.??.??"]

1. e4 c5 2. Nf3 e6 3. d3 Nc6 4. g3 g6 5. Bg2 Bg7 6. O-O Nge7 7. c3 d5 8. Nbd2
O-O 9. Qe2 d4 10. c4 e5 11. Nb3 b6 12. Nh4 Bd7 13. f4 Bh6 14. Bd2 Kh8 15. f5
Bxd2 16. Qxd2 Ng8 17. Rf2 g5 18. Nf3 f6 19. h3 Qe7 20. Nh2 Rfb8 21. h4 gxh4 22.
gxh4 Qg7 23. Rf3 Nh6 24. Kh1 Rg8 25. Rg1 Ng4 26. Bh3 Nxh2 27. Rxg7 Nxf3 28.
Rxg8+ Rxg8 29. Qf2 Rg1+ 30. Qxg1 Nxg1 31. Kxg1 Nb4 32. Nc1 Kg7 33. Bg4 1/2-1/2

[Event "SR 1. liga zapad 2010/2011"]
[Site "?"]
[Date "2010.12.12"]
[Round "4.1"]
[White "Rohacek, Miroslav"]
[Black "Dobrotka, Martin"]
[Result "0-1"]
[WhiteElo "2277"]
[BlackElo "2238"]
[PlyCount "124"]
[EventDate "2010.??.??"]

1. e4 e6 2. d4 d5 3. Nc3 dxe4 4. Nxe4 Nd7 5. Nf3 Ngf6 6. Bg5 Be7 7. Nxf6+ Bxf6
8. h4 h6 9. Bxf6 Qxf6 10. Bd3 O-O 11. Qe2 Rd8 12. O-O-O Nf8 13. Qe4 c5 14. dxc5
Rd5 15. g4 Qe7 16. Ne5 Qxc5 17. f4 Bd7 18. Bc4 Rxe5 19. fxe5 Bc6 20. Qe2 Bxh1
21. Rxh1 Rc8 22. Bd3 Qd5 23. Rf1 Qxa2 24. Qf3 Rc7 25. c3 Qd5 26. Be4 Qxe5 27.
Bxb7 Ng6 28. Be4 Nxh4 29. Qd3 g5 30. Qd8+ Kg7 31. Bc2 Ng2 32. Kb1 Nf4 33. Rd1
Rb7 34. Ka2 Rb8 35. Qd7 Qa5+ 36. Ba4 Rb7 37. Qd4+ f6 38. Qe4 Re7 39. Rd6 Qc5
40. Rd8 Nd5 41. Bc2 f5 42. Qe5+ Kf7 43. Qh8 Rb7 44. Rc8 Rc7 45. Qh7+ Kf6 46.
Qxh6+ Ke5 47. Qh8+ Nf6 48. Rf8 Qe7 49. Qh2+ f4 50. Qe2+ Kd6 51. Qa6+ Ke5 52.
Qa4 Qc5 53. Bd3 Qd5+ 54. c4 Qxd3 55. Qa5+ Nd5 56. b3 Qc2+ 57. Ka3 Qc3 58. Rf5+
Ke4 59. Rxd5 Qa1+ 60. Kb4 Rb7+ 61. Rb5 Qxa5+ 62. Kxa5 Rxb5+ 0-1

[Event "SR 1. liga zapad 2010/2011"]
[Site "?"]
[Date "2010.12.12"]
[Round "4.1"]
[White "Vrablik, Miroslav"]
[Black "Bednar, Jan"]
[Result "0-1"]
[WhiteElo "2106"]
[BlackElo "2104"]
[PlyCount "56"]
[EventDate "2010.??.??"]

1. d4 Nf6 2. c4 e6 3. Nc3 Bb4 4. e3 c5 5. Nf3 O-O 6. Bd3 d5 7. O-O Nc6 8. cxd5
exd5 9. h3 Re8 10. Bd2 a6 11. dxc5 Bxc5 12. Rc1 Bd6 13. Re1 Bc7 14. Ne2 Ne4 15.
Bc3 Nxc3 16. bxc3 Qf6 17. Ned4 Bd7 18. Qe2 Ne7 19. Red1 b5 20. Qc2 h5 21. Qb1
g5 22. Bf1 g4 23. hxg4 hxg4 24. Ne1 Kg7 25. g3 Rh8 26. Ne2 Rh1+ 27. Kxh1 Qxf2
28. Ng2 Rh8+ 0-1

[Event "SR 1. liga zapad 2010/2011"]
[Site "?"]
[Date "2010.12.12"]
[Round "4.2"]
[White "Borik, Juraj"]
[Black "Janos, Martin"]
[Result "0-1"]
[WhiteElo "2206"]
[BlackElo "2246"]
[PlyCount "142"]
[EventDate "2010.??.??"]

1. d4 d5 2. c4 e6 3. Nf3 Nf6 4. g3 Nbd7 5. cxd5 exd5 6. Bg2 h6 7. Nc3 c6 8. O-O
Bd6 9. Nh4 Nb6 10. Qd3 O-O 11. Nf5 Bxf5 12. Qxf5 Qc8 13. Qd3 Qe6 14. Kh1 Rfe8
15. f3 Bb4 16. e3 Rad8 17. a3 Bf8 18. b3 Nc8 19. Ra2 Bd6 20. Ne2 Bc7 21. Ng1
Nd6 22. Bh3 Qe7 23. Ne2 Nb5 24. Nc3 Nxc3 25. Qxc3 Bb6 26. Rc2 Qd6 27. Bf5 Re7
28. g4 Ne8 29. Rg2 Qf6 30. Bb1 g6 31. b4 Nd6 32. a4 a6 33. Ba2 Rde8 34. Qd3 Rd7
35. Qc2 a5 36. bxa5 Bxa5 37. g5 hxg5 38. e4 Nxe4 39. Qd3 Nd6 40. Bxg5 Qf5 41.
Qd1 Bd8 42. Bb1 Qe6 43. Bd2 Bh4 44. Rfg1 Nf5 45. Qc2 Kh7 46. Rg4 Bd8 47. Qc1
Qe2 48. Qc3 Bc7 49. f4 Ne3 50. R4g3 Bxf4 51. Rh3+ Kg7 52. Bd3 Qf2 53. Be1 Qa2
54. Bd2 Ng4 55. Bxf4 Nf2+ 56. Kg2 Nxh3+ 57. Kxh3 Qf2 58. Be5+ Rxe5 59. dxe5 Rd8
60. Rg3 d4 61. Qc2 Rh8+ 62. Kg4 f5+ 63. exf6+ Qxf6 64. Bf5 Rh5 65. Rb3 Qh4+ 66.
Kf3 Rxf5+ 67. Kg2 Rg5+ 68. Rg3 Rxg3+ 69. hxg3 Qe7 70. Kf1 c5 71. Qb3 Qf7+ 0-1

[Event "SR 1. liga zapad 2010/2011"]
[Site "?"]
[Date "2010.12.12"]
[Round "4.2"]
[White "Kovacik, Emil"]
[Black "Petenyi, Tamas"]
[Result "1/2-1/2"]
[WhiteElo "2232"]
[BlackElo "2393"]
[PlyCount "43"]
[EventDate "2010.??.??"]

1. e4 e5 2. Nc3 Nf6 3. Nf3 Nc6 4. d4 Bb4 5. Nxe5 Qe7 6. Qd3 Nxe5 7. dxe5 Qxe5
8. Bd2 O-O 9. O-O-O d6 10. f3 Qe7 11. g4 Be6 12. Kb1 Bc5 13. g5 Nd7 14. f4 Nb6
15. Qg3 f5 16. gxf6 Qxf6 17. f5 Bc4 18. Bg5 Qe5 19. Bf4 Qf6 20. Bg5 Qe5 21. Bf4
Qf6 22. Bg5 1/2-1/2